Normal view
MARC view
Entry Personal Name
001 - CONTROL NUMBER
- control field: 25705
003 - CONTROL NUMBER IDENTIFIER
- control field: ARRUPE
005 - DATE AND TIME OF LATEST TRANSACTION
- control field: 20160913113707.0
008 - FIXED-LENGTH DATA ELEMENTS
- fixed length control field: 160913|| aca||aabn | a|a d
040 ## - CATALOGING SOURCE
- Original cataloging agency: ARRUPE
- Transcribing agency: ARRUPE
100 ## - HEADING--PERSONAL NAME
- Personal name: Mutharika, B. W. T.
670 ## - SOURCE DATA FOUND
- Source citation: Work cat.: (ARRUPE)0: Mutharika, B. W. T., Toward multinational economic cooperation in Africa, [1972]